Československé dějiny 1848-1914 Hospodářský a sociální vývoj

Gespeichert in:
Bibliographische Detailangaben
1. Verfasser: Urban, Otto
Körperschaft: Univerzita Karlova v Praze
Format: Buch
Sprache:Tschechisch
Veröffentlicht: Praha Státní pedagogické nakladatelství 1988
Ausgabe:2. vyd.
Tags: Tag hinzufügen
Keine Tags, Fügen Sie das erste Tag hinzu!

MARC

LEADER 00000nam a2200000 4500
001 c028136
005 20250515071959.4
041 0 |a cze 
044 |a CZ 
245 1 0 |a Československé dějiny 1848-1914  |b Hospodářský a sociální vývoj  |c Otto Urban 
250 |a 2. vyd. 
264 1 |a Praha  |b Státní pedagogické nakladatelství  |c 1988 
300 |a 144 s. 
100 1 |a Urban, Otto 
710 2 |a Univerzita Karlova v Praze